000 02625cam a22005294i 4500
003 PE-LiUPU
005 20250731165604.0
008 150706s r 000 0 d
020 _a9789972021626
035 _a(Sirsi) i9789972021626
040 _aPE-LiUPU
_bspa
_cPE-LiUPU
_erda
049 _aPRUA
082 0 4 _a635.9
_bN
_221
245 0 3 _aLa Naturaleza en casa :
_bplantas, flores y jardines /
_cBernardo Roca Rey Miró Quesada dir.
264 1 _aLima :
_bEmpresa Editora El Comercio,
_c2008.
300 _apáginación variada :
_bilustraciones, color ;
_c23 centímetros
336 _atext
_2rdacontent
337 _aunmediated
_2rdamedia
338 _avolume
_2rdacarrier
500 _aEd. publicada en fascículos por el diario El Comercio .
505 0 _aTécnicas de jardinería -- Entorno y desarrollo,. condiciones climáticas -- De tal suelo tal especie -- Cómo sembrar -- Abonos o fertilizantes -- El riego -- Luz -- La temperatura -- La humedad -- Herramientas -- -- Plaga -- Trasplante -- Secretos de jardín -- Plantas -- Plantas, flores, árboles y arbustos -- Ceibo, tecoma, Molle serrano, palo verde, lantana rastrea, salvia -- Pino de navida, ficus, Uva de mar, jacarandá, culantrillo,Rosa, Gardenia, Violetas africanas wedelia, hiedra -- Paisajismo y decoración natural -- Cómo diseñar un jardín. Plano para el diseño de un jardín -- Los estilos de jardín -- Consejos para un buen diseño -- Complementos del jardín -- El color y su efecto en el jardín, flores, el tiempo del color -- Jardines frente al mar -- Jardines de roca -- Huertos caseros -- Arreglor floralesFlores seca.
526 _aSEG44
526 _aSEG26
526 _aP151
526 _aP150
526 _aP149
526 _aP146
526 _aP145
526 _aP126
526 _aP125
526 _aP92
526 _aP75
526 _aP74
526 _aP27
526 _aP15
541 _g000318;
650 0 4 _aFlora
_zPerú, Lima .
650 0 4 _aJardinería
_vManuales.
700 1 _aRoca Rey Miró Quesada, Bernardo,
_edir.
710 2 _aEmpresa Editora el Comercio
910 _cng
_d20090327
942 _2ddc
_cBOOK
949 _aRC 635.9 N
_wDEWEY
_c1
_i59506
_lCCODEBUL1
_mBUL
_p20.00
_r0
_sY
_tBOOK
_u2015-7-6
_xINGENIERIA
_zUNKNOWN
_0COMPRA
_o.STAFF. Colección General
994 _aC0
_bPEPRU
596 _a1
999 _aRC 635.9 N
_wDEWEY
_c49070
_i59506
_f2021-11-8
_g7
_lRCG
_mBUL
_p20.00
_r1
_sY
_tBOOK
_u2015-7-6
_xBIBLIOTECA
_zUNKNOWN
_0COMPRA
_o.STAFF. Colección General
_d49070
980 _81
_gALBERTO SANCHEZ Responsable de Automatización